|
|
|
|
| LEADER |
00635nab a2200193 i 4500 |
| 001 |
tisza6975 |
| 005 |
20200330131929.0 |
| 008 |
170530s1971 hu o 0|| hun d |
| 022 |
|
|
|a 0133-1167
|
| 040 |
|
|
|a SZTE Tiszatáj Archívum
|b hun
|
| 041 |
|
|
|a hun
|
| 100 |
2 |
|
|a B. Varga Lajos
|
| 245 |
1 |
0 |
|a Kiss Benedek
|h [elektronikus dokumentum] :
|b Gazdátlan évszak /
|c B. Varga Lajos
|
| 260 |
|
|
|c 1971
|
| 300 |
|
|
|a 763-764
|
| 490 |
0 |
|
|a Tiszatáj
|v 25 No. 8
|
| 695 |
|
|
|a Magyar irodalom - költészet - könyvismertetés
|
| 700 |
0 |
1 |
|a Kiss Benedek
|
| 856 |
4 |
0 |
|u http://tiszataj.bibl.u-szeged.hu/6975/1/tiszataj_1971_008_763-764.pdf
|z Dokumentum-elérés
|